000 01195nam a2200289 i 4500
001 bg
100 1 _aBERNACKA, Jadwiga
245 1 0 _aWysoko efektywne oczyszczalnie ścieków w Polsce w świetle procesów dostosowawczych do przepisów Unii Europejskiej /
_cJadwiga Bernacka, Leoniłła Pawłowska, Andrzej Krobski ; Instytut Ochrony Środowiska.
260 _aWarszawa :
_bDział Wydawnictw IOŚ,
_c2001.
300 _a58, [1] s. :
_bil., mapa ;
_c24 cm.
500 _aStreszcz. ang.
650 9 _aHarmonizacja prawa
_zPolska
650 9 _aOczyszczalnia ścieków
_xprawo
_zPolska
_ystan na 2001 r.
650 9 _aOczyszczalnia ścieków
_xprawo wspólnotowe europejskie
_ystan na 2001 r.
700 1 _aPAWŁOWSKA, Leoniłła
700 1 _aKROBSKI, Andrzej
710 0 _aInstytut Ochrony Środowiska (Warszawa)
015 _aPB 10749/2002
020 _a8385805729
040 _cBPK
041 0 _apol
_beng
080 _a349.6:628.3](438:4-67)
920 _a83-85805-72-9
942 _cKS
008 s pl f |000 0 pol
999 _c46065
_d46065
856 _uhttp://koha.tu.koszalin.pl/cgi-bin/koha/opac-detail.pl?biblionumber=46065
_yKatalog online BPK